| 000 | 00768nam a22001577a 4500 | ||
|---|---|---|---|
| 003 | OSt | ||
| 005 | 20150918172028.0 | ||
| 008 | 150918b xxu||||| |||| 00| 0 eng d | ||
| 040 | _cRUA | ||
| 082 | _aAGR YOU 2005 B032 Or.1 | ||
| 100 |
_9803 _aYOU NGORN SEANG |
||
| 245 | _aEffectivness of different liquid fertilizers on chinese kale in the crop station at the royal university of agriculture,(ប្រសិទ្ធភាពប្រភេទជីទឹកផ្សេងៗគ្នាលើដំណាំខាត់ណាដើម នៅស្ថានីយ៍ពិសោធន៍នៃសាកលវិទ្យាល័យភូមិន្ទកសិកម្ម) | ||
| 260 |
_aphnom penh _bRUA _c2005 |
||
| 300 |
_axi,48p. _cill. _g29cm. |
||
| 942 |
_2ddc _cAGR |
||
| 999 |
_c775 _d775 |
||